Piosenki TOP 20 Polska - kwiecień 2025 - Statystyki

Ogólne statystyki
  • Ten quiz został rozwiązany 21 razy
  • Średni wynik to 4 z 20
Statystyki odpowiedzi
Autor Piosenka % Poprawnych
Pezet, Auer Dom Nad Wodą
74%
Sobel, francis, Deemz KOCHASZ?
58%
Fagata WOW
42%
Lady Gaga, Bruno Mars Die With A Smile
32%
Lady Gaga Abracadabra
26%
Oki, bvdy47 BRAND NEW SQ8
26%
GOMBAO 33, Mata, Wyguś, Tadeo, Szczepan NIENAWIDZĘ BYĆ W KLUBIE
26%
Doechii Anxiety
21%
Żabson COWABONGA
16%
Lola Young Messy
16%
Alex Warren Ordinary
16%
Sobel, francis Z TYŁU GŁOWY
16%
Sobel, francis BALASANA
11%
WizTheMc, bees&honey Show me love
11%
Mata up! up! up!
11%
Borys LBD, Simonu Kanibal
5%
MODELKI, Vłodarski Miss Dior
5%
PRO8L3M VHS
5%
PRO8L3M Molly
0%
slowez, White 2115, Palar NIE BĘDĘ ZA NIC PRZEPRASZAĆ
0%
Nie znaleziono quizów pasujących do podanych kryteriów
Rozkład punktacji
Procent ludzi z każdym wynikiem
Percentyl według liczby udzielonych odpowiedzi
Twoja historia wyników
Nie rozwiązałeś tego quizu